LEADER 00821naa a2200145 i 4500 001 000000302745 003 CaOOAMICUS 005 20180831172747.0 008 180831n xx u000 u und u 013 $a10479 040 $aSeMil$bita 100 1 $aZanchin, Mario .$0(OLS)http://semarc/name/29834 245 13$aLa chiesa fidentina creatrice degli ospedali per i poveri nel sec ia di Santa Maria del Monte, 1989. 773 0 $aCentro studi e ricerche sulla antica provincia ecclesiastica ravennate$tAtti del convegno di Fidenza.$dCesena : Badia di Santa Maria del Monte, 1989.$kRavennatensia / Centro studi e ricerche sulla antica provincia ecclesiastica ravennate$w()36485 996 $6245$aLa chiesa fidentina creatrice degli ospedali per i poveri nel sec ia di Santa Maria del Monte, 1989.$9(OLS)http://semarc/title/378713 LEADER 00391nab a2200145 i 4500 001 000000285395 003 CaOOAMICUS 005 20180831165313.0 008 180831n xx uu u0 0und r 013 $a38867 040 $aSeMil$bita 245 10$a[SENZA TITOLO]. 500 $aSeptembre 1953. 773 0 $t1953.$d[S.l. : s.n.], 1953$w()239807 996 $6245$a[SENZA TITOLO]$9(OLS)http://semarc/title/354609